We Never Dated- Sombr - Statistics

General Stats
  • This quiz has been taken 75 times
  • The average score is 282 of 342
Answer Stats
Hint Answer % Correct
I
100%
we
100%
verse You
100%
you
100%
dated
98%
chorus How
98%
chorus How
98%
chorus How
98%
never
98%
but
95%
But
95%
still
95%
a
93%
of
93%
to
93%
even
90%
myself
90%
thinking
90%
were
90%
do
88%
the
88%
come
85%
make
85%
why
85%
Why
85%
your
85%
daily?
83%
find
83%
for
83%
me
83%
when
83%
like
80%
mine
80%
nice
78%
No,
78%
one
78%
that
78%
you
78%
and
76%
are
76%
can't
76%
love
76%
pretty
76%
clever
73%
always
71%
it
71%
line
68%
taking?
68%
easy
66%
have
66%
is
66%
deliver
63%
don't
63%
leave
63%
right
63%
romanticize
63%
aching
61%
knew
61%
what
61%
yourself
61%
lines
59%
seem
59%
wrong
59%
In
56%
Babe,
54%
Babe
54%
fun
54%
better
49%
too
49%
every
46%
by
44%
around
41%
design
41%
hope
41%
man's
41%
rest
41%
way
41%
wish
41%
best
39%
dance
39%
good
39%
next
39%
confine
37%
sees
37%
nothing
34%
weren't
27%
who's
27%
bright
24%
No matching quizzes found
Score Distribution
Percent of People with Each Score
Percentile by Number Answered
Your Score History
You have not taken this quiz